000
00349 a2200157 4500
001
68423
020
_a
9788579017940
040
_c
Anchieta - Pituba
100
_a
Miranda, João Marcos Sousa
240
1
0
_a
Matemática 1ª série
_l
245
1
0
_a
Matemática 1ª série
300
_a
248
362
0
_a
2023
650
4
_a
Matemática
942
_c
BK
999
_c
68423
_d
68423